000 00668nam a2200229Ia 4500
003 OSt
005 20230615095152.0
008 210423s2017 xx 000 0 und d
020 _a978-93-392-2185-0
040 _cAL
041 _aeng
082 _a003
_223
_bHILI
100 _aHILLIER (Frederick S);LIEBERMAN (Gerald J);NAG (Badhibrata);BASU (Preetam)
_987650
245 _aIntroduction to operations research Ed 10
250 _a10
260 _aChennai
_bMcGrawhill Education
_c2017
300 _axxxvii,1183
_bPB
365 _b825
_cINR
650 _aOperations Research
_987651
906 _a10 ; Introduction ; operations ; research
942 _2ddc
_cBK
999 _c169862
_d169862